Statistics for States That Used To Be An Independent Nation or Territory of Another Nation

Click here to take the quiz!

General Stats

  • This quiz has been taken 49 times
    (31 since last reset)
  • The average score is 24 of 39

Answer Stats

Country it belonged to Answer % Correct
Mexico/FranceTexas
91%
UKSouth Carolina
83%
UKNorth Carolina
83%
UKNew York
78%
MexicoCalifornia
78%
UKMaine
78%
UKVermont
74%
UKVirginia
74%
SpainFlorida
74%
UKNew Jersey
70%
UKGeorgia
70%
FranceLouisiana
70%
Mexico/FranceNew Mexico
70%
UKRhode Island
70%
UKNew Hampshire
65%
UKPennsylvania
65%
RussiaAlaska
65%
UKWashington
61%
MexicoArizona
61%
FranceNorth Dakota
61%
FranceSouth Dakota
61%
UKConnecticut
61%
UKMassachusetts
57%
France/UKMontana
57%
FranceColorado
57%
UKIdaho
57%
UKMaryland
52%
UKDelaware
52%
SpainAlabama
52%
FranceKansas
52%
MexicoUtah
52%
FranceMissouri
52%
FranceArkansas
52%
FranceIowa
48%
FranceOklahoma
48%
ItselfHawaii
48%
MexicoNevada
48%
Mexico/FranceWyoming
43%
FranceMinnesota
43%

Score Distribution

Percentile by Number Answered

Percent of People with Each Score

Your Score History

You have not taken this quiz since the last reset